000 01179cam a2200241 4500
001 ABS67788
008 040603n2004 000 0 eng u
035 _a(Sirsi) u126399
100 _aLatham, M.
245 _a10 years on
260 _c2004
490 _aBuilding
_v269(8232) 14 May 2004, 33(1)
520 _aDiscusses the Housing Grants, Construction and Regeneration Act 1996, 10 years on from the Latham report "Constructing the team" (ISBN 011752994X) which proposed its introduction. Notes that the scope of the Act was narrower than first envisaged and there were compromises in certain areas. The government has asked Sir Michael Latham to chair a committee to re-examine the act. The review will not be as detailed as the earlier report and will be carried out on an open basis. The committee will report by the end of July 2004.
590 _aABS
590 _aABS
650 _aHOUSING GRANTS, CONSTRUCTION AND REGENERATION ACT 1996
650 _aLATHAM REFORMS
650 _aMACOB CIVIL ENGINEERING LTD V MORRISON CONSTRUCTION LTD
650 _aCONSTRUCTION
650 _aCONSTRUCTION PLANNING
690 _aDISPUTE RESOLUTION
_96236
942 _n0
999 _c117464
_d117464